00782nam a2200229Ii 45000010005000000030009000050080041000140200015000550400033000700410008001030840013001111000031001242450032001552640073001873000012002603360026002723370028002983380027003269400050003539990017004039520132004206763CO-ViMGA241108s9999||||xx |||||||||||||| ||und|| a8470392247 aCO-ViMGAbspaerdacCO-ViMGA0 aunk aN CAS21m1 aGuillén de Castro95483610aLos mal casados de Valencia 1a[Lugar de publicación no identificado] : Clásicos Castalia, 1976 avolumen atextbtxt2rdacontent aunmediatedbn2rdamedia avolumebnc2rdacarrier aidficha_siabuc: 6609. -- ficha_no_siabuc:6763 c52093d52093 001040708012aMEVIGERRbMEVIGERRcLITd2006-11-27oN CAS21mpECA6331r2024-11-26 10:08:52tEj.1w2024-11-26yBKz6609 | 9267